000 00613nam a2200217Ia 4500
003 IT-RoPAU
005 20220918175544.0
008 120407s9999 xx 000 0 und d
040 _aIT-RoPAU
040 _cIT-RoPAU
041 _alat
245 _aAlbae Pompeien. Beat. et Can. Servi Dei Francisci Chiesa Canonici Ecclesiae Cathedralis Albae Pompeien (2. IV. 1874 - 14 . VI. 1946)
250 _aRoma
260 _aPositio: Super causae introductione
260 _c1972
300 _c cm
490 _v1
710 _aCongregazione per le cause dei Santi
_934843
942 _cBK
_2ddc
999 _c18475
_d18475